[Event "Hungary HUN"]
[Site "?"]
[Date "2005.10.30"]
[Round "2"]
[White "Sinkovics Peter"]
[Black "Volosin Vladimir"]
[Result "1/2-1/2"]
[WhiteElo "2311"]
[BlackElo "2289"]
[PlyCount "62"]
[EventDate "2005.??.??"]
[Source "www.chesslib.no"]
[SourceDate "2004.05.04"]

1. d4 Nf6 2. Nf3 b6 3. g3 Bb7 4. Bg2 c5 5. dxc5 bxc5 6. c4 g6 7. b3 Bg7 8. Bb2 O-O 9. O-O Nc6 10. Nc3 d6 11. Qd2 Rb8 12. Rfd1 Qa5 13. Nd5 Qxd2 14. Nxf6+ Bxf6 15. Rxd2 Bxb2 16. Rxb2 a5 17. Rab1 Kg7 18. Ng5 Nd4 19. e3 Ne6 20. Nxe6+ fxe6 21. Bxb7 Rxb7 22. f4 Rfb8 23. Kf2 a4 24. Kf3 d5 25. Rc2 axb3 26. Rxb3 Rxb3 27. axb3 Rxb3 28. cxd5 exd5 29. Rxc5 d4 30. Re5 Kf6 31. Re4 dxe3 1/2-1/2

[Event "Foster City Open"]
[Site "Foster City"]
[Date "1996.??.??"]
[Round "5"]
[White "Zilberstein, Dmitry"]
[Black "Balinas, Rosendo C"]
[Result "0-1"]
[WhiteElo "2250"]
[BlackElo "2345"]
[PlyCount "68"]
[EventDate "1996.??.??"]
[Source "www.chesslib.no"]
[SourceDate "2004.05.04"]

1. d4 Nf6 2. Nf3 b6 3. g3 Bb7 4. Bg2 c5 5. c3 d6 6. O-O Nbd7 7. Bf4 Qc7 8. dxc5 bxc5 9. c4 g6 10. Nc3 Bg7 11. Qc2 O-O 12. Rfd1 Rab8 13. Rac1 Bc6 14. b3 a5 15. Nd5 Bxd5 16. cxd5 Qa7 17. e4 Ng4 18. h3 Nge5 19. Nxe5 Nxe5 20. a4 Rb6 21. Bxe5 Bxe5 22. Bf1 Bd4 23. Kg2 f5 24. exf5 Rxf5 25. f4 Qb7 26. Qe4 Rxb3 27. Rb1 e5 28. Bb5 Re3 29. Bc6 Qc8 30. Qc2 exf4 31. g4 Rg3+ 32. Kh2 Rxh3+ 33. Kg2 Rg3+ 34. Kh2 Rh5+ 0-1

[Event "BRA Ch"]
[Site "Caxias do Sul"]
[Date "1975.07.??"]
[Round "10"]
[White "Araujo, Rodolfo"]
[Black "Rocha, Antonio BRA"]
[Result "0-1"]
[WhiteElo "2280"]
[BlackElo "2315"]
[PlyCount "78"]
[EventDate "1975.07.06"]
[Source "www.chesslib.no"]
[SourceDate "2004.05.04"]

1. d4 Nf6 2. Nf3 b6 3. g3 Bb7 4. Bg2 c5 5. O-O cxd4 6. b3 g6 7. Bb2 Bg7 8. Bxd4 O-O 9. c4 d6 10. Nbd2 Nbd7 11. Re1 e5 12. Bc3 e4 13. Nd4 a6 14. Nf1 Re8 15. Ne3 Ne5 16. Qc2 h5 17. h3 Rc8 18. f4 exf3 19. exf3 Bh6 20. f4 Bxg2 21. Nxg2 Ned7 22. Rxe8+ Qxe8 23. Re1 Qd8 24. Nh4 Bg7 25. Qg2 d5 26. Bb2 Nc5 27. Ba3 Nce4 28. Ndf3 dxc4 29. bxc4 Rxc4 30. Bb2 Qd5 31. Ne5 Qc5+ 32. Kh2 Rc2 33. Re2 Rxe2 34. Qxe2 Qd5 35. Ba1 b5 36. Ng2 Nd2 37. Bb2 Nfe4 38. Ne3 Qxa2 39. Bd4 Nf3+ 0-1

[Event "Budapest HUN"]
[Site "?"]
[Date "2006.03.15"]
[Round "10"]
[White "Pirisi Gabor"]
[Black "Farago Sandor"]
[Result "1/2-1/2"]
[WhiteElo "2298"]
[BlackElo "2282"]
[PlyCount "48"]
[EventDate "2006.??.??"]
[Source "www.chesslib.no"]
[SourceDate "2004.05.04"]

1. d4 Nf6 2. Nf3 b6 3. g3 Bb7 4. Bg2 c5 5. dxc5 bxc5 6. c4 g6 7. b3 Bg7 8. Bb2 O-O 9. O-O Nc6 10. Nc3 d6 11. Qd2 Rb8 12. Rfd1 Qa5 13. Nd5 Qxd2 14. Nxf6+ Bxf6 15. Rxd2 Bxb2 16. Rxb2 a5 17. Rab1 Kg7 18. Ng5 Nd4 19. e3 Ne6 20. Nxe6+ fxe6 21. Bxb7 Rxb7 22. f4 Rfb8 23. Kf2 a4 24. Kf3 d5 1/2-1/2

[Event "Hessen Ch Seniors"]
[Site "Doernigheim"]
[Date "1994.??.??"]
[Round "4"]
[White "Stimpel, Franz"]
[Black "Schmitzer, Horst"]
[Result "1/2-1/2"]
[WhiteElo "2255"]
[BlackElo "2305"]
[PlyCount "33"]
[EventDate "1994.??.??"]
[Source "www.chesslib.no"]
[SourceDate "2004.05.04"]

1. d4 Nf6 2. Nf3 b6 3. g3 Bb7 4. Bg2 c5 5. c3 e6 6. O-O Be7 7. Re1 O-O 8. Nbd2 cxd4 9. Nxd4 Bxg2 10. Kxg2 d5 11. Qc2 Qc8 12. N4f3 Nbd7 13. e4 Nc5 14. exd5 Nxd5 15. Nb3 Qb7 16. Nxc5 Bxc5 17. Qe2 1/2-1/2

[Event "BL2-W 9091"]
[Site "GER"]
[Date "1991.??.??"]
[Round "?"]
[White "Rottstaedt, Werner"]
[Black "Wiemer, Ralf"]
[Result "1/2-1/2"]
[WhiteElo "2265"]
[BlackElo "2295"]
[PlyCount "64"]
[EventDate "1990.10.??"]
[Source "www.chesslib.no"]
[SourceDate "2004.05.04"]

1. d4 Nf6 2. Nf3 b6 3. g3 Bb7 4. Bg2 c5 5. e3 g6 6. O-O Bg7 7. b3 O-O 8. Bb2 d5 9. dxc5 bxc5 10. Nbd2 Nbd7 11. c4 e6 12. Qc2 Qb6 13. Rfd1 Rfd8 14. Rac1 Rac8 15. Qb1 a5 16. Qa1 Ne8 17. Bxg7 Nxg7 18. cxd5 exd5 19. Nb1 d4 20. exd4 Qf6 21. Nbd2 Ne6 22. dxc5 Qxa1 23. Rxa1 Ndxc5 24. Nc4 a4 25. Nb6 Rb8 26. Rxd8+ Rxd8 27. Nxa4 Nxa4 28. bxa4 Nc5 29. a5 Ra8 30. Nd4 Bxg2 31. Kxg2 Rxa5 32. Rc1 Na6 1/2-1/2

[Event "Regionalliga SO 0203"]
[Site "?"]
[Date "2003.03.30"]
[Round "9.1"]
[White "Terzic Safet"]
[Black "Hecht Hans Joachim"]
[Result "1/2-1/2"]
[WhiteElo "2254"]
[BlackElo "2305"]
[PlyCount "36"]
[EventDate "2003.??.??"]
[Source "www.chesslib.no"]
[SourceDate "2004.05.04"]

1. d4 Nf6 2. Nf3 b6 3. g3 Bb7 4. Bg2 c5 5. O-O cxd4 6. Qxd4 e6 7. b3 Bc5 8. Qh4 d5 9. Bb2 Nbd7 10. Nbd2 O-O 11. Rfd1 Qe7 12. Ne5 Nxe5 13. Bxe5 Nd7 14. Qxe7 Bxe7 15. Bb2 Nc5 16. c4 Rfd8 17. cxd5 Bxd5 18. Nc4 Bxg2 1/2-1/2

[Event "ARG-ch"]
[Site "Buenos Aires"]
[Date "1975.??.??"]
[Round "7"]
[White "Canepa, Rolando"]
[Black "Bronstein, Luis Marcos"]
[Result "1/2-1/2"]
[WhiteElo "2200"]
[BlackElo "2355"]
[PlyCount "98"]
[EventDate "1975.??.??"]
[Source "ChessBase"]

1. d4 Nf6 2. Nf3 b6 3. g3 Bb7 4. Bg2 c5 5. c3 e6 6. O-O Be7 7. Nbd2 O-O 8. Qc2 cxd4 9. Nxd4 Bxg2 10. Kxg2 Qc7 11. e4 Qb7 12. Re1 d6 13. Kg1 Nbd7 14. N2f3 Rfe8 15. Bd2 Bf8 16. Rad1 a6 17. Bg5 Ng4 18. h3 Nge5 19. Bf4 b5 20. Bxe5 Nxe5 21. Nxe5 dxe5 22. Nf3 f6 23. Re2 Red8 24. Red2 Be7 25. Rxd8+ Rxd8 26. Rxd8+ Bxd8 27. a4 Kf7 28. axb5 axb5 29. Qd3 Bb6 30. b4 Qa7 31. Qc2 Qa1+ 32. Kg2 Ke7 33. Nd2 Qe1 34. Nf3 Qa1 35. Nd2 g6 36. Nf3 Qa7 37. Qe2 Qd7 38. Nd2 Qc6 39. Qd3 f5 40. Kg1 Ba7 41. Kg2 Qb6 42. Qe2 Qc6 43. Qd3 h5 44. Kg1 Bb8 45. Qe3 f4 46. Qd3 Ba7 47. Kg2 Qb6 48. Qe2 g5 49. g4 hxg4 1/2-1/2

[Event "Paris Ch"]
[Site "Paris FRA"]
[Date "1991.??.??"]
[Round "2"]
[White "Bouland, Stephane"]
[Black "Morales Moreno, H."]
[Result "0-1"]
[WhiteElo "2250"]
[BlackElo "2305"]
[PlyCount "85"]
[EventDate "1991.05.??"]
[Source "www.chesslib.no"]
[SourceDate "2004.05.04"]

1. d4 Nf6 2. Nf3 b6 3. g3 Bb7 4. Bg2 c5 5. dxc5 bxc5 6. c4 g6 7. O-O Bg7 8. Nc3 O-O 9. Re1 d6 10. e4 Nfd7 11. Nd5 Nc6 12. Bf4 Nde5 13. Rc1 Nxf3+ 14. Bxf3 e6 15. Nc3 Nd4 16. Bg2 h6 17. Be3 Kh7 18. Ne2 Qb6 19. b4 e5 20. Rb1 cxb4 21. Nxd4 exd4 22. Bd2 a5 23. a3 Qc6 24. axb4 a4 25. Ra1 d3 26. Ra2 Rfc8 27. h4 f5 28. h5 g5 29. Qf3 Qxc4 30. Qxf5+ Kh8 31. Rea1 Bxa1 32. Rxa1 Qd4 33. Re1 Rf8 34. Be3 Qxe3 35. Qxf8+ Rxf8 36. fxe3 Ba6 37. Rd1 Rc8 38. Bf1 Rc3 39. Kf2 Kg7 40. Ke1 Kf6 41. Rb1 Bb5 42. Kd1 Ke5 43. Rc1 0-1

[Event "Mind Sports Games - Rapid Ind w"]
[Site "Pechino CINA"]
[Date "2008.10.06"]
[Round "6"]
[White "Hernandez Guerrero, Y."]
[Black "Schuurman, P."]
[Result "1/2-1/2"]
[WhiteElo "2228"]
[BlackElo "2324"]
[PlyCount "228"]
[EventDate "2008.10.05"]
[Source "www.chesslib.no"]
[SourceDate "2004.05.04"]

1. d4 Nf6 2. Nf3 b6 3. g3 Bb7 4. Bg2 c5 5. dxc5 bxc5 6. O-O g6 7. c4 Bg7 8. Nc3 O-O 9. Re1 d6 10. Bg5 h6 11. Bd2 Nbd7 12. Qc1 Kh7 13. Qc2 Rb8 14. e4 Ng4 15. b3 Bc6 16. Rad1 a5 17. h3 Nge5 18. Nxe5 Nxe5 19. f4 Nd7 20. Nd5 e6 21. Ne3 Qc7 22. Bc3 e5 23. f5 Nf6 24. Nd5 Bxd5 25. exd5 Ra8 26. Rf1 Qd7 27. a4 Qb7 28. Rb1 Qb6 29. g4 g5 30. Bd2 Rg8 31. Bf3 Bf8 32. Kh1 Be7 33. Rf2 Kg7 34. Rg2 Rh8 35. Kg1 Rag8 36. Qc3 Bd8 37. Kf2 Kf8 38. Rbg1 Nd7 39. Ke2 Bf6 40. Be4 Ke7 41. Rg3 Ra8 42. Kd1 Qb4 43. Qb2 Qb8 44. Kc2 Rc8 45. Qa1 Rc7 46. Qe1 Rb7 47. Rf3 Nb6 48. Qg3 Qe8 49. Ra1 Qd8 50. Qe1 Nd7 51. h4 Qb6 52. Rb1 Rbb8 53. Rh3 Rg8 54. h5 Rgb8 55. Rf3 Qd8 56. Bc3 Kf8 57. Re3 Kg7 58. Bf3 Qc7 59. Be4 Bd8 60. Qf2 Nf6 61. Qg2 Ra7 62. Kc1 Qe7 63. Rb2 Rab7 64. Be1 Qe8 65. Qe2 Qd7 66. Qg2 Qc7 67. Bb1 Qd7 68. Be4 Qc7 69. Qe2 Nd7 70. Qd2 Ra7 71. Qg2 Bf6 72. Rf2 Nb6 73. Bc2 Qb7 74. Bc3 Qa6 75. Qf1 Na8 76. Qe1 Nc7 77. Qd2 Qb6 78. Ba1 Na6 79. Bc3 Nb4 80. Bxb4 cxb4 81. Re4 Qc5 82. Qe3 Rc7 83. Qxc5 Rxc5 84. Kd2 Rb7 85. Kd3 Bd8 86. Re3 f6 87. Re4 Bb6 88. Rf1 Rcc7 89. Bd1 Bd4 90. Bc2 Rc5 91. Re2 Rbc7 92. Bb1 Kf7 93. Rd1 Ke7 94. Rf1 Kd7 95. Rd1 Kc8 96. Rf1 Kb7 97. Rd1 Kb6 98. Rf1 Rc8 99. Rd1 R5c7 100. Rf1 Kc5 101. Rd1 Re7 102. Re4 Rce8 103. Rf1 Kb6 104. Rd1 Rc8 105. Rf1 Rec7 106. Rd1 Rc5 107. Re2 Bc3 108. Re4 Bb2 109. Kc2 Ba1 110. Kd3 R5c7 111. Rf1 Rc5 112. Rd1 Bc3 113. Rf1 Bd4 114. Rd1 R8c7 1/2-1/2

[Event "Illinois"]
[Site "Illinois"]
[Date "1986.??.??"]
[Round "?"]
[White "Martinovsky, Eugene"]
[Black "Chow, Albert"]
[Result "1-0"]
[WhiteElo "2235"]
[BlackElo "2310"]
[PlyCount "123"]
[EventDate "1986.??.??"]
[Source "www.chesslib.no"]
[SourceDate "2004.05.04"]

1. d4 Nf6 2. Nf3 b6 3. g3 Bb7 4. Bg2 c5 5. c3 e6 6. O-O Be7 7. a4 O-O 8. Nbd2 cxd4 9. Nxd4 d5 10. a5 Na6 11. Nc4 Qc7 12. Na3 bxa5 13. Bh3 Nc5 14. Be3 a4 15. Nac2 Bc8 16. Nb4 Bd7 17. f3 a5 18. Nd3 Rab8 19. Ra2 Rb7 20. Qc2 Nxd3 21. exd3 Rc8 22. Rc1 Bc5 23. Qf2 Rcb8 24. Rc2 Bd6 25. f4 a3 26. bxa3 Rb1+ 27. Kg2 Ba4 28. Rd2 Qxc3 29. Ne2 Qc7 30. Bd4 Bb3 31. Rab2 Rxb2 32. Rxb2 Bxa3 33. Be5 Qb7 34. Rb1 Rc8 35. Nd4 a4 36. f5 Nd7 37. Bxg7 Kxg7 38. fxe6 fxe6 39. Rf1 Nf8 40. Qf6+ Kg8 41. Bxe6+ Nxe6 42. Qxe6+ Kh8 43. Rf7 Qxf7 44. Qxf7 Rf8 45. Qh5 Be7 46. Ne6 d4 47. Nxf8 Bxf8 48. Qb5 h6 49. Qe5+ Bg7 50. Qb8+ Kh7 51. Qb4 Bc2 52. Qd2 Bb3 53. Qb2 Kg6 54. Kf3 Bd5+ 55. Kf4 Bf6 56. Qb5 Bb3 57. h4 Kg7 58. Qd7+ Bf7 59. Qxa4 h5 60. Qd7 Kg8 61. Kf5 Bg7 62. Qe7 1-0

[Event "Budapest FS04 IM"]
[Site "Budapest"]
[Date "1995.??.??"]
[Round "8"]
[White "Eperjesi, Laszlo"]
[Black "Habibi, Ali"]
[Result "0-1"]
[WhiteElo "2350"]
[BlackElo "2190"]
[PlyCount "66"]
[EventDate "1995.04.??"]
[Source "www.chesslib.no"]
[SourceDate "2004.05.04"]

1. d4 Nf6 2. Nf3 b6 3. g3 Bb7 4. Bg2 c5 5. O-O e6 6. c4 d6 7. Nc3 Be7 8. d5 exd5 9. cxd5 O-O 10. Nd2 Na6 11. Nc4 Nc7 12. a4 Qd7 13. h3 Rad8 14. e4 Ba6 15. b3 Nfe8 16. Bb2 Bf6 17. Qd2 Bd4 18. Kh2 f5 19. Rad1 Nf6 20. exf5 Qxf5 21. f4 h5 22. Rfe1 Bc8 23. Re7 Rf7 24. Rxf7 Kxf7 25. Nb5 Nxb5 26. axb5 Bxb2 27. Qxb2 Kf8 28. Qd2 Qd7 29. Re1 Qxb5 30. Re3 Bf5 31. Bf3 Qd7 32. Qe2 Bxh3 33. Bxh5 Bg4 0-1

[Event "Heinola (Finland)"]
[Site "?"]
[Date "2003.??.??"]
[Round "5"]
[White "Sorri Kari Juhani"]
[Black "Laihonen Petteri"]
[Result "1-0"]
[WhiteElo "2272"]
[BlackElo "2267"]
[PlyCount "100"]
[EventDate "2003.??.??"]
[Source "www.chesslib.no"]
[SourceDate "2004.05.04"]

1. d4 Nf6 2. Nf3 b6 3. g3 Bb7 4. Bg2 c5 5. O-O cxd4 6. Qxd4 Nc6 7. Qd1 g6 8. b3 Bg7 9. Bb2 O-O 10. Nbd2 Qc7 11. c4 Rfd8 12. e4 d6 13. Qe2 a6 14. Rac1 Rac8 15. Rfe1 Qb8 16. Nb1 Ba8 17. Nc3 e6 18. Rcd1 Rd7 19. h3 Rcd8 20. Kh2 Ne8 21. Na4 Bxb2 22. Nxb2 b5 23. Qe3 Qa7 24. Qd2 Ne5 25. Nxe5 dxe5 26. Qe2 Rd4 27. cxb5 axb5 28. Rxd4 exd4 29. Nd3 Rc8 30. Rc1 Rc3 31. Rd1 Qc7 32. e5 Bxg2 33. Kxg2 Qc6+ 34. Qf3 Qxf3+ 35. Kxf3 Nc7 36. Ke4 Rc2 37. Rc1 Rxc1 38. Nxc1 Kf8 39. Kxd4 Ke7 40. Nd3 Kd7 41. Nb4 Kc8 42. Kc5 Kb7 43. f4 h5 44. h4 Ka7 45. Kc6 Kb8 46. a3 Kc8 47. Kd6 Kb7 48. Ke7 Nd5+ 49. Kxf7 Ne3 50. Kxe6 Nf5 1-0

[Event "Paul Masson Open"]
[Site "United States of America"]
[Date "1977.??.??"]
[Round "1"]
[White "Weinberger, Tibor"]
[Black "Whitehead, Jay E"]
[Result "1/2-1/2"]
[WhiteElo "2290"]
[BlackElo "2245"]
[PlyCount "64"]
[EventDate "1977.??.??"]
[Source "www.chesslib.no"]
[SourceDate "2004.05.04"]

1. d4 Nf6 2. Nf3 b6 3. g3 Bb7 4. Bg2 c5 5. dxc5 bxc5 6. c4 g6 7. O-O Bg7 8. Nc3 O-O 9. Qc2 d6 10. Rd1 Nc6 11. Bg5 h6 12. Bxf6 Bxf6 13. Ne4 Bd4 14. Nxd4 cxd4 15. Qa4 Qb6 16. b4 a5 17. c5 Qxb4 18. Qxb4 axb4 19. cxd6 Ra5 20. dxe7 Nxe7 21. Rxd4 b3 22. a4 Bc6 23. Rb4 b2 24. Rxb2 Rxa4 25. Rxa4 Bxa4 26. Rb7 Nf5 27. Nc5 Bd1 28. e4 Rc8 29. exf5 Rxc5 30. Rb1 Bg4 31. fxg6 fxg6 32. Be4 Bf5 1/2-1/2

[Event "Kiev (Ukraine)"]
[Site "?"]
[Date "1967.??.??"]
[Round "?"]
[White "Lainburg Victor"]
[Black "Nikolaevsky Yuri V"]
[Result "1/2-1/2"]
[WhiteElo "2219"]
[BlackElo "2315"]
[PlyCount "113"]
[EventDate "1967.??.??"]
[Source "www.chesslib.no"]
[SourceDate "2004.05.04"]

1. d4 Nf6 2. Nf3 b6 3. g3 Bb7 4. Bg2 c5 5. dxc5 bxc5 6. c4 g6 7. Nc3 Bg7 8. O-O O-O 9. Re1 d6 10. Bd2 Qb6 11. Qc2 Nc6 12. Rad1 Rab8 13. b3 Nb4 14. Qb1 Qa6 15. Ng5 Bc8 16. Bh3 Ng4 17. Na4 h6 18. Nf3 Bf5 19. e4 Ne5 20. Bg2 Nxf3+ 21. Bxf3 Be6 22. Rc1 Nc6 23. Bg2 Nd4 24. Qd3 Nc6 25. Bc3 Nd4 26. Bd2 Bd7 27. Nc3 Bc6 28. Be3 Kh7 29. Red1 Qb7 30. Rd2 a5 31. Rf1 Qb4 32. Nd5 Bxd5 33. exd5 a4 34. bxa4 Qxa4 35. Bxd4 Bxd4 36. Re1 Bf6 37. Bf1 Qb4 38. Rc1 Bg5 39. f4 Bf6 40. Rcc2 Ra8 41. Kg2 Rfe8 42. Qe2 Ra7 43. Rd3 Ra4 44. Qd2 Qb7 45. Re3 Rea8 46. Bd3 Bd4 47. Re2 e6 48. h4 R8a7 49. h5 exd5 50. hxg6+ fxg6 51. Re6 dxc4+ 52. Be4 d5 53. Bxg6+ Kg7 54. Qe2 R4a6 55. Bf5 Rxe6 56. Bxe6 Kf6 57. Qg4 1/2-1/2

[Event "06sen.ESMM Europa"]
[Site "?"]
[Date "2004.02.??"]
[Round "7"]
[White "Boehlig Heinz"]
[Black "Kristiansen Erling"]
[Result "1/2-1/2"]
[WhiteElo "2253"]
[BlackElo "2278"]
[PlyCount "30"]
[EventDate "2004.??.??"]
[Source "www.chesslib.no"]
[SourceDate "2004.05.04"]

1. d4 Nf6 2. Nf3 b6 3. g3 Bb7 4. Bg2 c5 5. O-O cxd4 6. Nxd4 Bxg2 7. Kxg2 Nc6 8. c4 Rc8 9. Nc3 g6 10. b3 Bg7 11. Bb2 O-O 12. Qd2 Qc7 13. f3 Rfd8 14. Rfd1 Qb7 15. Rac1 a6 1/2-1/2

[Event "Budapest HUN"]
[Site "?"]
[Date "2006.04.04"]
[Round "4"]
[White "Ignacz Maria"]
[Black "Lengyel Bela"]
[Result "1/2-1/2"]
[WhiteElo "2238"]
[BlackElo "2291"]
[PlyCount "107"]
[EventDate "2006.??.??"]
[Source "www.chesslib.no"]
[SourceDate "2004.05.04"]

1. d4 Nf6 2. Nf3 b6 3. g3 Bb7 4. Bg2 c5 5. c4 cxd4 6. Qxd4 Nc6 7. Qd1 Ne5 8. Nbd2 Qc8 9. Qb3 d6 10. O-O Ned7 11. Qc2 e6 12. b3 Be7 13. Bb2 O-O 14. Rac1 Re8 15. Rfd1 a6 16. Qb1 Bc6 17. Qa1 Qb7 18. Bh3 e5 19. Nf1 Rad8 20. Bg2 a5 21. Ne3 Nc5 22. Nd5 Nxd5 23. cxd5 Bxd5 24. Rxd5 Qxd5 25. Nxe5 Qe6 26. Nc6 Bf6 27. Bxf6 Qxf6 28. Qxf6 gxf6 29. Nxd8 Rxd8 30. Bd5 Re8 31. Kf1 Re5 32. Rd1 Kf8 33. Bc4 Ke7 34. f4 Rh5 35. Kg2 Ne4 36. Rd3 Rc5 37. g4 d5 38. Bxd5 Nc3 39. Bc4 Nxa2 40. Rh3 b5 41. Bd3 Kf8 42. Bxh7 Rc3 43. Rd3 Rxd3 44. Bxd3 a4 45. bxa4 bxa4 46. Bc4 Nb4 47. h4 a3 48. Kf3 a2 49. Bxa2 Nxa2 50. g5 Kg7 51. h5 fxg5 52. fxg5 Nb4 53. e4 Nd3 54. Kg4 1/2-1/2

[Event "CZE Team Ch 9596"]
[Site "Czech Republic"]
[Date "1996.??.??"]
[Round "11"]
[White "Vorisek, Jaroslav"]
[Black "Hajek, Michal"]
[Result "1-0"]
[WhiteElo "2210"]
[BlackElo "2315"]
[PlyCount "81"]
[EventDate "1995.??.??"]
[Source "www.chesslib.no"]
[SourceDate "2004.05.04"]

1. d4 Nf6 2. Nf3 b6 3. g3 Bb7 4. Bg2 c5 5. dxc5 bxc5 6. c4 g6 7. Nc3 Bg7 8. O-O O-O 9. Qc2 Nc6 10. e4 Nd4 11. Nxd4 cxd4 12. Nb5 Ne8 13. Qd3 Qb6 14. a4 a5 15. Bg5 Qc5 16. Bc1 Nc7 17. b3 Na6 18. Bb2 Nb4 19. Qd2 e5 20. Ba3 f5 21. Bxb4 axb4 22. Qd3 Ra6 23. Rae1 Raf6 24. f4 fxe4 25. Bxe4 Bxe4 26. Rxe4 exf4 27. Qxd4 Qxd4+ 28. Rxd4 fxg3 29. Rxf6 gxh2+ 30. Kxh2 Rxf6 31. Rxd7 Rf3 32. a5 Rxb3 33. a6 Be5+ 34. Kg2 Rb2+ 35. Kf3 Ra2 36. a7 Bf6 37. Rb7 Be5 38. Rb8+ Kg7 39. a8=Q Rxa8 40. Rxa8 b3 41. Ra7+ 1-0

[Event "Rheinhessen-ch MT1"]
[Site "Woerrstadt"]
[Date "1999.03.29"]
[Round "4"]
[White "Mischke, Gabriel"]
[Black "Lisanti, Andre"]
[Result "0-1"]
[WhiteElo "2159"]
[BlackElo "2338"]
[PlyCount "62"]
[EventDate "1999.03.27"]
[Source "www.chesslib.no"]
[SourceDate "2004.05.04"]

1. d4 Nf6 2. Nf3 b6 3. g3 c5 4. Bg2 Bb7 5. c3 d6 6. Bg5 Nbd7 7. Bxf6 Nxf6 8. O-O e6 9. Nbd2 Be7 10. Re1 O-O 11. e4 cxd4 12. cxd4 b5 13. Qe2 Qb6 14. Qd3 Rfd8 15. h3 Rac8 16. Nh2 d5 17. e5 Ne4 18. Red1 f5 19. Bf1 Rc4 20. Nxc4 bxc4 21. Qc2 f4 22. Bg2 fxg3 23. Bxe4 gxh2+ 24. Kxh2 dxe4 25. Qxc4 Bd5 26. Qe2 Bg5 27. b3 Rc8 28. Qg4 Bh6 29. Qe2 Rc3 30. Rab1 Bf4+ 31. Kg2 Rf3 0-1

[Event "Honour to National Resistance"]
[Site "?"]
[Date "2003.08.24"]
[Round "9.11"]
[White "Khetsuriani Besarion"]
[Black "Himaras Stefanos"]
[Result "1-0"]
[WhiteElo "2368"]
[BlackElo "2120"]
[PlyCount "85"]
[EventDate "2003.??.??"]
[Source "www.chesslib.no"]
[SourceDate "2004.05.04"]

1. d4 Nf6 2. Nf3 b6 3. g3 Bb7 4. Bg2 c5 5. c4 cxd4 6. Qxd4 g6 7. O-O Bg7 8. Nc3 d6 9. b3 Nbd7 10. Bb2 O-O 11. Rfd1 a6 12. Ne1 Bxg2 13. Nxg2 Re8 14. Ne3 Qb8 15. Rac1 Qb7 16. Ncd5 h5 17. Rc2 Rad8 18. Qh4 Kf8 19. Qf4 Ng8 20. Bxg7+ Kxg7 21. Qd4+ Kh7 22. h3 e6 23. Nc3 Ndf6 24. a4 Rd7 25. g4 hxg4 26. hxg4 Red8 27. f3 e5 28. Qd2 Ne7 29. Kf2 Kg7 30. g5 Nh5 31. Ncd5 Nxd5 32. Nxd5 b5 33. cxb5 axb5 34. a5 Qa7+ 35. Kg2 Re8 36. Rh1 e4 37. Rxh5 exf3+ 38. exf3 gxh5 39. Nf6 Kf8 40. Nxe8 Kxe8 41. Rc8+ Rd8 42. Rxd8+ Kxd8 43. Qxd6+ 1-0

[Event "Gran Canaria op2"]
[Site "?"]
[Date "1989.??.??"]
[Round "?"]
[White "Lezcano Montalvo Pedro"]
[Black "Rubio Purrinos Hugo"]
[Result "1/2-1/2"]
[WhiteElo "2250"]
[BlackElo "2235"]
[PlyCount "81"]
[EventDate "1989.??.??"]
[Source "www.chesslib.no"]
[SourceDate "2004.05.04"]

1. d4 Nf6 2. Nf3 b6 3. g3 Bb7 4. Bg2 c5 5. O-O e6 6. c4 cxd4 7. Nxd4 Bxg2 8. Kxg2 Qc8 9. Qa4 Be7 10. Nc3 O-O 11. e4 Qb7 12. f3 d6 13. Be3 Rc8 14. Rfd1 a6 15. Nde2 Nbd7 16. Bf4 Qc7 17. b3 Bf8 18. Rac1 Nc5 19. Qa3 Nfd7 20. Qb2 Ne5 21. Qb1 Ng6 22. Be3 Rab8 23. Nd4 Ne5 24. h3 Qb7 25. Qc2 Nc6 26. Nxc6 Qxc6 27. Bxc5 Qxc5 28. Qf2 g6 29. Qxc5 Rxc5 30. Kf2 b5 31. cxb5 axb5 32. Ne2 Ra8 33. Rxc5 dxc5 34. Rd2 Bg7 35. Rc2 Rc8 36. Ke3 Kf8 37. f4 Ke8 38. e5 f6 39. exf6 Bxf6 40. Nc3 Bd4+ 41. Kf3 1/2-1/2

[Event "Bad Zwesten op"]
[Site "Bad Zwesten"]
[Date "1998.??.??"]
[Round "7"]
[White "Sandner, Gunter"]
[Black "Richter, G."]
[Result "1-0"]
[WhiteElo "2315"]
[BlackElo "2170"]
[PlyCount "93"]
[EventDate "1998.01.02"]
[Source "www.chesslib.no"]
[SourceDate "2004.05.04"]

1. d4 Nf6 2. Nf3 b6 3. g3 Bb7 4. Bg2 c5 5. dxc5 bxc5 6. c4 g6 7. O-O Bg7 8. Nc3 Ne4 9. Nxe4 Bxe4 10. Qb3 Qb6 11. Qe3 Bb7 12. Rb1 Nc6 13. Bd2 O-O 14. a3 Rab8 15. b4 Rfe8 16. Rfd1 Nd4 17. Nxd4 Bxd4 18. Qf4 Bxg2 19. Kxg2 Qe6 20. e3 Be5 21. Qe4 f5 22. Qd3 cxb4 23. axb4 Red8 24. Bc3 Bxc3 25. Qxc3 d5 26. c5 Qc6 27. Kg1 Rb5 28. h4 Rdb8 29. h5 a5 30. Qe5 axb4 31. Rxd5 Qf6 32. Qc7 R5b7 33. Rd8+ Kg7 34. Qxb8 Rxb8 35. Rxb8 Qc3 36. Rb5 b3 37. hxg6 hxg6 38. R1xb3 Qe1+ 39. Kg2 g5 40. Rb7 Qc1 41. Rxe7+ Kf6 42. Reb7 g4 43. R3b6+ Kg5 44. c6 Qd1 45. c7 Qf3+ 46. Kg1 Qd1+ 47. Kh2 1-0

[Event "Friedrichroda"]
[Site "?"]
[Date "2003.02.13"]
[Round "6"]
[White "Wichmann Cliff"]
[Black "Raetsch Heinz"]
[Result "1-0"]
[WhiteElo "2284"]
[BlackElo "2197"]
[PlyCount "47"]
[EventDate "2003.??.??"]
[Source "www.chesslib.no"]
[SourceDate "2004.05.04"]

1. d4 Nf6 2. Nf3 b6 3. g3 Bb7 4. Bg2 c5 5. O-O e6 6. c4 cxd4 7. Qxd4 Bc5 8. Qh4 d5 9. cxd5 exd5 10. Nd4 Ne4 11. Qxd8+ Kxd8 12. Nf5 Re8 13. Nxg7 Re7 14. Bxe4 Rxe4 15. Nc3 Rg4 16. Nf5 Kd7 17. Rd1 Ke6 18. Ne3 Bxe3 19. Bxe3 Nd7 20. f3 Rb4 21. b3 Rc8 22. Rac1 a5 23. Kf2 b5 24. Nb1 1-0

[Event "Oberliga Ost-B 0001"]
[Site "?"]
[Date "2001.01.28"]
[Round "5.4"]
[White "Danner Lambert"]
[Black "Marchio Enrico"]
[Result "0-1"]
[WhiteElo "2173"]
[BlackElo "2300"]
[PlyCount "72"]
[EventDate "2001.??.??"]
[Source "www.chesslib.no"]
[SourceDate "2004.05.04"]

1. d4 Nf6 2. Nf3 b6 3. g3 Bb7 4. Bg2 c5 5. dxc5 bxc5 6. c4 g6 7. b3 Bg7 8. Bb2 O-O 9. Nc3 Ne4 10. Qc2 Ng5 11. Nd5 Bxd5 12. cxd5 Nxf3+ 13. Bxf3 Qa5+ 14. Kf1 d6 15. h4 Nd7 16. h5 Rab8 17. Bxg7 Kxg7 18. Qc1 Rh8 19. h6+ Kf8 20. Rh4 Ne5 21. Ra4 Qb5 22. Qc3 Rb7 23. Kg2 f6 24. Bg4 Nxg4 25. Rxg4 Qxe2 26. Rf4 Qe5 27. Qxe5 dxe5 28. Rc4 Kf7 29. Rxc5 g5 30. Rac1 Rd8 31. Kf3 Rbd7 32. Ke4 Kg6 33. Rh1 g4 34. Rh4 Kg5 35. Ra5 e6 36. dxe6 Rd3 0-1

[Event "It (Open)"]
[Site "?"]
[Date "2005.10.21"]
[Round "7"]
[White "Hoffmann Steffen"]
[Black "Ksieski Zbigniew"]
[Result "1/2-1/2"]
[WhiteElo "2049"]
[BlackElo "2415"]
[PlyCount "77"]
[EventDate "2005.??.??"]
[Source "www.chesslib.no"]
[SourceDate "2004.05.04"]

1. d4 Nf6 2. Nf3 b6 3. g3 Bb7 4. Bg2 c5 5. O-O cxd4 6. Nxd4 Bxg2 7. Kxg2 g6 8. c4 Bg7 9. Nc3 Qc8 10. b3 Nc6 11. e3 O-O 12. Ba3 Re8 13. Rc1 a6 14. f4 b5 15. Nd5 Nxd4 16. Qxd4 d6 17. Nxf6+ Bxf6 18. Qe4 Qb8 19. Rc2 a5 20. cxb5 Qxb5 21. Qc4 Qd7 22. Rfc1 a4 23. b4 Reb8 24. Qc6 Qa7 25. Kf3 Kg7 26. Qd5 Rb7 27. Rc8 Rab8 28. Rxb8 Qxb8 29. Qc6 Rb6 30. Qc8 Rxb4 31. Bxb4 Qxb4 32. Qc4 Qa5 33. g4 a3 34. g5 Bb2 35. Rc2 Qf5 36. Rxb2 Qh3+ 37. Ke4 Qf5+ 38. Kf3 Qh3+ 39. Ke4 1/2-1/2